| 000 | 00711nam a2200229Ia 4500 | ||
|---|---|---|---|
| 005 | 20250508161955.0 | ||
| 008 | 008 250505s9999 xx 000 0 eng d | ||
| 020 | _a0-471-01817-1 | ||
| 037 | _aTextual | ||
| 040 |
_aFEDL _beng _cFEDL |
||
| 041 |
_aeng _2eng |
||
| 084 |
_a371.26, DEG _qFEDL |
||
| 100 |
_aGruijter Dato N M De Ed. _9771916 |
||
| 245 | 0 | _aAdvances in psychological and educational measurement | |
| 260 |
_aLondon, UK _bJohn Wiley and Sons _c1976 |
||
| 300 | _ax,320p | ||
| 365 |
_aGBP _b17.05 |
||
| 650 |
_aEducational Text And Measurement - Congress _9771917 |
||
| 700 |
_a Kamp Leo J Th Van Der Ed. _9771918 |
||
| 942 |
_cTEXL _h371.26, DEG |
||
| 999 |
_c1373593 _d1373593 |
||